00988 2200313 4500001002100000005001500021035002000036007000300056008004100059040002200100100005100122245010300173300005400276504003300330020002200363082001600385084001800401090002200419250002600441264003300467336002100500337003000521338002300551650002100574700002300595850001200618999002200630990002200652INLIS00000000087689520230307101758 a0010-0323000162ta190925s2022 yoia g ind d aYOPDYOGbinderda0 aWindi TeguhePengarangeWindi TeguhePengarang10aAuto mapan finansial :bstrategi mengatur keuangan untuk pemula /cWindi Teguh; penyunting, Damaya a192 halaman, :bilustrasi, gambar, tabel ;c20 cm aBibliografi: halaman 188-189 a978-623-327-258-204223a332.024 a332.024 WIN a aCB-D.11 2022-2406 aCetakan Pertama, 202231aYogyakarta :bLaksana,c2022 2rdacontentateks 2rdamediaatanpa perantara 2rdacarrieravolume 4aKeuangan pribadi0 aDamayaePenyunting aYOPDYOG aCB-D.11/2022-2406 aCB-D.11/2022-2406